Statistics for Cities with the Most Expensive Property Rent

Click here to take the quiz!

General Stats

  • This quiz has been taken 208 times
    (128 since last reset)
  • The average score is 16 of 20

Answers on the Map

Answers color-coded by a green-red scale on the quiz's map according to % correct below.
 

Answer Stats

ContinentUSD/monthCity% Correct
North America$2,244Los Angeles
99%
North America$3,108New York
99%
Europe$2,359London
96%
North America$3,105San Francisco
95%
North America$1,957Miami
94%
North America$1,858Chicago
91%
Oceania$1,996Sydney
90%
Asia$2,173Singapore
88%
Asia$2,220Hong Kong
87%
North America$2,662Boston
86%
North America$2,169Seattle
84%
North America$2,351Washington
78%
North America$2,152San Diego
75%
Europe$2,200Zurich
71%
Europe$1,905Amsterdam
69%
Europe$2,043Dublin
65%
North America$1,708Denver
64%
Europe$1,711Copenhagen
61%
North America$1,767Austin
51%
North America$1,697Nashville
19%

Score Distribution

Percentile by Number Answered

Percent of People with Each Score

Your Score History

You have not taken this quiz since the last reset